| 000 | 00589cam a2200217 i 4500 | ||
|---|---|---|---|
| 001 | 2247872 | ||
| 005 | 20180208035056.0 | ||
| 008 | 770920s1978 nyu b 001 0 eng | ||
| 010 | _a 77014961 | ||
| 020 | _a0060461233 | ||
| 040 |
_aDLC _cDLC _dDLC |
||
| 041 | _aeng | ||
| 080 | _a616.855 | ||
| 082 | 0 | 0 | _a616.855 SHE |
| 100 | _a9 | ||
| 101 | _aPAT | ||
| 245 | 0 | 0 |
_aSpeech and language disorders : _c[compiled by] Cynthia M. Shewan. |
| 504 | _aIncludes bibliographies and index. | ||
| 906 |
_a7 _bcbc _corignew _d1 _eocip _f19 _gy-gencatlg |
||
| 942 |
_2ddc _cBK |
||
| 999 |
_c42088 _d42088 |
||